Normal view
MARC view
Entry Topical Term
001 - CONTROL NUMBER
- control field: 60079
003 - CONTROL NUMBER IDENTIFIER
- control field: OSt
005 - DATE AND TIME OF LATEST TRANSACTION
- control field: 20260413122516.0
008 - FIXED-LENGTH DATA ELEMENTS
- fixed length control field: 260413|| aca||aabn | a|a d
040 ## - CATALOGING SOURCE
- Original cataloging agency: OSt
- Transcribing agency: OSt
150 ## - HEADING--TOPICAL TERM
- Topical term or geographic name entry element: Citizenship, Development, Enclaves, Standard of living
670 ## - SOURCE DATA FOUND
- Source citation: Work cat.: (OSt): Arora, Kavita Rajput, Swati and Yadav, Sunil Kumar 60078, New citizens of India and their socio-economic development: A case study of resettled people from Bangladesh after land boundary agreement 2015
